00680nam a2200241 a 4500001001300000003000900013005001700022008004100039020001000080082001500090100002400105245003400129260003000163300000900193500003500202505001600237650001600253700002400269902000800293942000700301952011500308999001500423nice12345678IN_TiNIC20260116011625.0050524s1995 laha grp 000 0 per  ac10000a297.4bHAL aHali, Altaf Hussain aHayat-E-Sa`dib Life of Sa`di aLahorebShirkat Gahc1995 a141p aincludes index and biblioraphy2 aIndex, 145p aSufism-Sadi1 aHali, Altaf Hussain bSRS cBK 001040708StackRoom-aHMIbHMId2007-09-10g100.00l0o297.4 HALp04542r2007-09-10v100.00w2005-05-24yBK c2950d2950